| 000 | 00588nam a2200193Ia 4500 | ||
|---|---|---|---|
| 008 | 140429s9999 xx 000 0 und d | ||
| 020 | _a9780071187732 | ||
| 050 |
_aGN 25 _b.K67 2000 |
||
| 100 | _aKottak, Conrad Philip | ||
| 245 |
_aAnthropology : _bthe exploration of human diversity / _cConrad Philip Kottak. |
||
| 250 | _a8th ed. | ||
| 260 |
_aBoston : _bMcGraw-Hill, _cc2000. |
||
| 300 |
_a694 p. : _bill. (some col.) ; _c26 cm. |
||
| 500 | _aIncludes bibliographical references and indexes. | ||
| 521 | _aGE | ||
| 650 | _aAnthropology. | ||
| 942 |
_kFOR _cBK |
||
| 999 |
_c115606 _d115606 |
||